| 000 | 00388nam a22001697a 4500 | ||
|---|---|---|---|
| 003 | OSt | ||
| 005 | 20251004111451.0 | ||
| 007 | 1067 pages | ||
| 008 | 251004b |||||||| |||| 00| 0 eng d | ||
| 020 | _a9789352837236 | ||
| 040 | _c | ||
| 082 |
_218 _a530 _bMUR |
||
| 245 |
_aModern Physics _cMurugeshan,R |
||
| 250 | _a18 | ||
| 260 |
_bS.Chand _c2024 |
||
| 942 |
_2ddc _cBK _e18 _k530 _mMUR _n0 |
||
| 999 |
_c36256 _d36256 |
||